Strategic marketing planning

Gespeichert in:
Bibliographische Detailangaben
1. Verfasser: Gilligan, Colin
Weitere Verfasser: Wilson, Richard M. S.
Format: Buch
Sprache:Englisch
Veröffentlicht: Oxford Butterworth-Heinemann 2003
Schriftenreihe:Marketing
Schlagworte:
Tags: Tag hinzufügen
Keine Tags, Fügen Sie das erste Tag hinzu!

MARC

LEADER 00000nam$a2200000$$$4500
001 0002659
005 20240312120025.3
020 |a 0-7506-2246-6 
041 0 |a eng 
044 |a GB 
245 1 0 |a Strategic marketing planning  |c Colin Gilligan and Richard M. S. Wilson 
264 1 |a Oxford  |b Butterworth-Heinemann  |c 2003 
300 |a 625 s. 
490 1 |a Marketing 
830 0 |a Marketing 
610 2 0 |a marketing strategický 
610 2 0 |a plánovanie strategické 
610 2 0 |a plán marketingový 
610 2 0 |a analýzy 
610 2 0 |a produktivita 
610 2 0 |a konkurencia 
610 2 0 |a zákazníci 
610 2 0 |a trh 
610 2 0 |a prostredie ekonomické 
610 2 0 |a segmentácia trhu 
610 2 0 |a portfólio 
610 2 0 |a pracovníci riadiaci 
100 1 |a Gilligan, Colin 
700 1 |a Wilson, Richard M. S.